000 01212cam a22003614a 4500
999 _c21595
_d21595
001 15574420
003 OSt
005 20170121154521.0
008 090105s2010 ohua b 001 0 eng
010 _a 2009920121
020 _a9780324787122 (package)
020 _a032478712X (package)
020 _a9780324787139 (textbk.)
020 _a0324787138 (textbk.)
020 _a9780324787115 (bindin se cards)
020 _a9781439039748 (bindin ie cards)
020 _a9781439039724 (IE package)
020 _a1439039720 (IE package)
020 _a9781439039731
020 _a1439039739
040 _aDLC
_cDLC
050 0 0 _aHD31 .W55 2010
100 1 _aWilliams, Chuck,
_d2010
245 1 0 _aMGMT /
_cChuck Williams.
246 3 _aChuck Williams MGMT
250 _aStudent ed., 2nd 2009-2010 ed.
260 _aMason, OH :
_bSouth-Western Cengage Learning,
_c2010.
300 _aix,374p.;
_b ill. ;
_c28 cm.
500 _aincludes bibliographical references and index.
650 0 _aManagement.
906 _a7
_bcbc
_corignew
_d2
_eepcn
_f20
_gy-gencatlg
942 _2lcc
_cBOOKS
_hHD31 .W55 2010
_k29926